000 00618nam a2200217Ia 4500
003 GCL
008 140319s9999 xx 000 0 ara d
040 _aGCL /
_cGCL
082 0 4 _a025.43
_bب خ
100 1 _aبهاء الابراهيم
245 1 0 _aخطة تصنيف القصاصات الصحفية /
_cبهاء الابراهيم
700 1 _aبكر محمد شعيب
300 _a285
490 _aكتاب
_v0
650 0 4 _aالصحافة
650 0 4 _aالمكتبات المتخصصة
650 0 4 _aالتصنيف
650 0 4 _aتصنيف
650 0 4 _aالمكتبات، علم
942 _2ddc
_cBK
999 _c43210
_d43210